000 ncm a22 a 4500
999 _c320840
_d320840
003 BLK
005 20210728153546.0
008 180414b bul |a|er|||| |0| c|bulo|
010 _aNOT00003823000
020 _a979-0-9016673-2-7
040 _aBLK
041 _aBUL
_cBUL
080 _aКларинет. Етюди, гами, учебна литература
_b788.6.087.5
_z788.6.087.5
100 _9389208
_aДимитров, Сава
_eпърви автор
139 _aДимитров, Сава
_bД 58
245 1 0 _aИзбрани технически етюди за кларинет
_cСава Димитров ; [предг.], подб. и анализ Сава Д. Димитров
_nТ. 3
246 1 1 _aSelected technical etudes for clarinet
257 _aBGR
260 _aСофия
_bХайни
_c2016
300 _c34 см
380 _a7
650 4 _aКларинет - етюди, гами
_9353811
653 _aкларинети
653 _aетюди
700 1 _aДимитров, Сава Димитров
_eподб. и анализ
_9386371
720 _aprof. Sava Dimitrov
_eпаралелен автор
760 _aДимитров, Сава
_dСофия, 2016
_h60 с. : с ноти
_oТ. 3
852 _aЦб М ІІ 11901
_p0
852 _bИП
_c788/Д 58 С
856 4 _qpdf
_u
856 4 _qpdf
_u
942 _cNOT
_n0
_s1
944 _aCR
_c16.11.2016
_kВиолета_Тройчева
944 _aED
_c2021-07-27
_kГГГ
999 _d320840
999 _d320840